[Event "I Open"]
[Site "Bergamo ITA"]
[Date "2002.07.26"]
[Round "1"]
[White "Mione, Dario"]
[Black "Ranfagni, Stefano"]
[Result "1-0"]
[WhiteElo "2271"]
[BlackElo "1624"]
[PlyCount "85"]
[EventDate "2002.07.26"]

1. e4 e5 2. Nf3 Nf6 3. Bc4 Nc6 4. d4 exd4 5. e5 d5 6. Bb5 Ne4 7. Nxd4 Bd7 8.
Bxc6 bxc6 9. Nb3 Bc5 10. Nxc5 Nxc5 11. b3 O-O 12. Ba3 Qe7 13. Qd4 Ne6 14. Bxe7
Nxd4 15. Bxf8 Nxc2+ 16. Kd2 Nxa1 17. Bc5 Rb8 18. Nc3 Nxb3+ 19. axb3 Rxb3 20.
Rb1 Rxb1 21. Nxb1 a6 22. Nc3 f6 23. exf6 gxf6 24. Na4 Kf7 25. Bd4 h5 26. Kc3 a5
27. Nc5 Bc8 28. Kb3 Kg6 29. Ka4 Kf5 30. Kxa5 h4 31. h3 Kg5 32. Kb4 f5 33. Be5
f4 34. f3 Bf5 35. Kc3 Bb1 36. Bxc7 Ba2 37. Ne6+ Kf5 38. Nd4+ Kg5 39. Nxc6 Bc4
40. Nd4 Kf6 41. Nc2 Bf1 42. Ne1 Kf5 43. Kd4 1-0

[Event "I Open"]
[Site "Bergamo ITA"]
[Date "2002.07.26"]
[Round "1"]
[White "Niccoli, Paolo"]
[Black "Naumkin, Igor"]
[Result "0-1"]
[WhiteElo "1661"]
[BlackElo "2436"]
[PlyCount "76"]
[EventDate "2002.07.26"]

1. e4 e6 2. d4 d5 3. e5 c5 4. c3 Nc6 5. Nf3 Bd7 6. Bd3 cxd4 7. cxd4 Qb6 8. O-O
Nxd4 9. Nxd4 Qxd4 10. Nc3 a6 11. Qe2 Ne7 12. Kh1 Nc6 13. f4 Bc5 14. a3 Na5 15.
Bd2 Nb3 16. Rae1 Ba7 17. Rf3 Nxd2 18. Qxd2 g6 19. Ne2 Qb6 20. Rc1 Rc8 21. Rxc8+
Bxc8 22. g4 Bd7 23. f5 gxf5 24. gxf5 Rg8 25. Rg3 Rxg3 26. hxg3 exf5 27. Qg5 Qg6
28. Qh4 h6 29. Nf4 Qb6 30. Qh2 Qe3 31. e6 Qe1+ 32. Kg2 Qf2+ 33. Kh3 Qxh2+ 34.
Kxh2 fxe6 35. Kh3 Bd4 36. Kh4 Bxb2 37. Kh5 Kf7 38. Kxh6 Bxa3 0-1

[Event "I Open"]
[Site "Bergamo ITA"]
[Date "2002.07.26"]
[Round "1"]
[White "Orsenigo, Davide"]
[Black "Inkiov, Ventzislav V."]
[Result "0-1"]
[WhiteElo "1660"]
[BlackElo "2421"]
[PlyCount "62"]
[EventDate "2002.07.26"]

1. e4 c5 2. Nf3 d6 3. d4 cxd4 4. Nxd4 Nf6 5. Nc3 Nc6 6. Be2 g6 7. Be3 Bg7 8.
O-O O-O 9. f4 Qb6 10. Qd2 Nxe4 11. Nxe4 Bxd4 12. Bxd4 Qxd4+ 13. Qxd4 Nxd4 14.
Bd3 Bf5 15. c3 Ne6 16. g3 Rac8 17. Rfe1 Rc7 18. Bf1 d5 19. Nf2 d4 20. c4 Nc5
21. b3 Rd8 22. Rad1 a5 23. Nd3 Bxd3 24. Bxd3 f6 25. Bf1 Kf7 26. Kf2 e6 27. Re2
Re7 28. Bg2 e5 29. Bd5+ Kf8 30. Kf3 e4+ 31. Bxe4 d3 0-1

[Event "I Open"]
[Site "Bergamo ITA"]
[Date "2002.07.26"]
[Round "1"]
[White "Pede, Lucio"]
[Black "Dragojlovic, Andjelko"]
[Result "0-1"]
[WhiteElo "1645"]
[BlackElo "2351"]
[PlyCount "94"]
[EventDate "2002.07.26"]

1. e4 c5 2. c3 g6 3. d4 cxd4 4. cxd4 d5 5. Bb5+ Bd7 6. Bxd7+ Qxd7 7. exd5 Nf6
8. Nf3 Bg7 9. Ne5 Qxd5 10. Qb3 O-O 11. Qxd5 Nxd5 12. Be3 Bxe5 13. dxe5 Nxe3 14.
fxe3 Nc6 15. e6 f5 16. Nc3 Rad8 17. Ke2 Rd6 18. Rhd1 Rfd8 19. Rxd6 Rxd6 20. Rd1
Rxe6 21. Rd7 b6 22. Nb5 f4 23. Nxa7 Rxe3+ 24. Kf2 Ne5 25. Rd1 Nd3+ 26. Kf1 Nxb2
27. Re1 Rxe1+ 28. Kxe1 Kf7 29. Kd2 Nc4+ 30. Kd3 Nd6 31. Nc6 Kf6 32. Kd4 e6 33.
a4 g5 34. Ne5 Kf5 35. Nd7 Nc8 36. Ne5 h5 37. Nf7 g4 38. Ne5 Ne7 39. Nd7 Nd5 40.
Ne5 h4 41. Nd3 g3 42. h3 Ne3 43. Ne1 e5+ 44. Kc3 Ke6 45. Kb4 Nxg2 46. Nf3 e4
47. Ng1 f3 0-1

[Event "I Open"]
[Site "Bergamo ITA"]
[Date "2002.07.26"]
[Round "1"]
[White "Regorda, Massimiliano"]
[Black "Agnelli, Francesco"]
[Result "0-1"]
[WhiteElo "1600"]
[BlackElo "2146"]
[PlyCount "58"]
[EventDate "2002.07.26"]

1. e4 c5 2. Nc3 Nc6 3. d3 g6 4. g3 Bg7 5. f4 d6 6. Nf3 Nh6 7. Bg2 O-O 8. Be3
Ng4 9. Qd2 Nxe3 10. Qxe3 Rb8 11. O-O b5 12. Rab1 Qa5 13. e5 Bg4 14. Ra1 Bxf3
15. Bxf3 Nd4 16. Bd1 dxe5 17. fxe5 Qc7 18. Nd5 Qd8 19. Nf4 Rc8 20. c3 Nf5 21.
Qe4 e6 22. Bg4 Re8 23. Rfd1 Qb6 24. d4 cxd4 25. cxd4 Rc4 26. Bxf5 exf5 27. Qe3
Rxe5 28. Qf2 Re4 29. d5 Bd4 0-1

[Event "I Open"]
[Site "Bergamo ITA"]
[Date "2002.07.26"]
[Round "1"]
[White "Ruggeri, Dario"]
[Black "De Santis, Alessio"]
[Result "0-1"]
[WhiteElo "1618"]
[BlackElo "2243"]
[PlyCount "64"]
[EventDate "2002.07.26"]

1. e4 c5 2. Nf3 e6 3. d4 cxd4 4. Nxd4 a6 5. Nc3 Qc7 6. Bd3 b5 7. O-O Bb7 8. Be3
Nf6 9. f3 b4 10. Nce2 d5 11. Qe1 Bd6 12. Qh4 Nbd7 13. exd5 Nxd5 14. Bf2 N7f6
15. Rac1 h6 16. Bg3 g5 17. Bxd6 Qxd6 18. Qf2 h5 19. Rce1 O-O-O 20. Nb3 g4 21.
Qc5+ Kb8 22. Qxd6+ Rxd6 23. fxg4 hxg4 24. Ng3 Rh6 25. Nc5 Bc8 26. Nge4 Nxe4 27.
Nxe4 Rd7 28. Nc5 Ra7 29. Ne4 f5 30. Nd6 Rah7 31. Nxc8 Rxh2 32. Nd6 g3 0-1

[Event "I Open"]
[Site "Bergamo ITA"]
[Date "2002.07.26"]
[Round "1"]
[White "Sartorio, Diego"]
[Black "Braghetta, Sergio"]
[Result "0-1"]
[WhiteElo "2050"]
[BlackElo "2265"]
[PlyCount "80"]
[EventDate "2002.07.26"]

1. e4 Nc6 2. Nf3 d6 3. d4 Bg4 4. Be2 Nf6 5. Nc3 e6 6. Be3 Be7 7. O-O O-O 8. a3
Bh5 9. Nd2 Bxe2 10. Qxe2 d5 11. e5 Nd7 12. f4 f5 13. Nf3 h6 14. Qd2 Nb6 15. b3
Qd7 16. Kh1 a5 17. Rg1 a4 18. g4 axb3 19. cxb3 Rxa3 20. Rxa3 Bxa3 21. gxf5 Rxf5
22. Qg2 Qf7 23. Ne2 Bf8 24. Nh4 Ne7 25. Nxf5 Qxf5 26. Ng3 Qd3 27. Qd2 Qxb3 28.
Qe1 Nc4 29. Bc1 Qf3+ 30. Rg2 b5 31. Qf1 Qxf1+ 32. Nxf1 Nf5 33. Ng3 Nxd4 34. f5
Nxf5 35. Nxf5 exf5 36. e6 Kh7 37. Re2 Be7 38. Bd2 g5 39. Bc3 Kg6 40. Re1 c5 0-1

[Event "I Open"]
[Site "Bergamo ITA"]
[Date "2002.07.26"]
[Round "1"]
[White "Scarpellini, Felice"]
[Black "Ceresoli, Luigi"]
[Result "0-1"]
[WhiteElo "1603"]
[BlackElo "2204"]
[PlyCount "62"]
[EventDate "2002.07.26"]

1. c4 e5 2. Nc3 Nf6 3. g3 Bb4 4. Qc2 O-O 5. Bg2 Re8 6. Nf3 Nc6 7. a3 Bf8 8. O-O
Nd4 9. Nxd4 exd4 10. Nd5 Nxd5 11. Bxd5 Rxe2 12. Qd3 Qe7 13. Qxd4 d6 14. b4 Bh3
15. Bg2 Bxg2 16. Kxg2 Re4 17. Qc3 Re8 18. d3 Re6 19. Be3 h5 20. h4 Qd7 21. d4
d5 22. c5 Be7 23. Rac1 Bf6 24. Qb3 Re4 25. Rfd1 Bxh4 26. Rh1 Bxg3 27. Rxh5 Bf4
28. Rch1 Bh6 29. Bxh6 gxh6 30. Rxh6 Rg4+ 31. Kf1 Qb5+ 0-1

[Event "I Open"]
[Site "Bergamo ITA"]
[Date "2002.07.26"]
[Round "1"]
[White "Scuderi, David"]
[Black "Efimov, Igor"]
[Result "0-1"]
[WhiteElo "1672"]
[BlackElo "2463"]
[PlyCount "88"]
[EventDate "2002.07.26"]

1. e4 c5 2. c3 d6 3. d4 Nf6 4. dxc5 Nc6 5. Nd2 dxc5 6. Ngf3 Qc7 7. Be2 e6 8.
Qc2 Be7 9. h3 b6 10. Nc4 Bb7 11. Bg5 O-O 12. O-O Nxe4 13. Qxe4 Nd4 14. Qe3
Nxe2+ 15. Qxe2 Bxf3 16. Qxf3 Bxg5 17. Rad1 Rad8 18. a4 g6 19. Qe4 Bf6 20. Nd2
Rd5 21. Qf3 Rf5 22. Qe2 Qc6 23. Ne4 Bg7 24. Qc4 Rd5 25. Rd3 Rxd3 26. Qxd3 Qxa4
27. Rd1 h6 28. Qf3 f5 29. Ng3 e5 30. Rd6 e4 31. Qe2 Qe8 32. Nf1 Kh7 33. Qd2 Rf7
34. Qd5 Re7 35. g3 Qf7 36. Qc6 Be5 37. Rd8 h5 38. Kg2 f4 39. g4 hxg4 40. hxg4
Bf6 41. Rd6 Kg7 42. Qa4 e3 43. Qxf4 e2 44. g5 Be5 0-1

[Event "I Open"]
[Site "Bergamo ITA"]
[Date "2002.07.26"]
[Round "1"]
[White "Vezzosi, Paolo"]
[Black "Rizzi, Volfango"]
[Result "1-0"]
[WhiteElo "2397"]
[BlackElo "1651"]
[PlyCount "21"]
[EventDate "2002.07.26"]

1. e4 e5 2. Nf3 Nc6 3. Bb5 Bc5 4. c3 Nf6 5. O-O d6 6. d4 exd4 7. cxd4 Bb4 8.
Qa4 O-O 9. Bxc6 bxc6 10. Qxb4 Nxe4 11. Nc3 1-0

[Event "I Open"]
[Site "Bergamo ITA"]
[Date "2002.07.26"]
[Round "2"]
[White "Braghetta, Sergio"]
[Black "Fezzardi, Emanuele"]
[Result "1-0"]
[WhiteElo "2265"]
[BlackElo "1747"]
[PlyCount "91"]
[EventDate "2002.07.26"]

1. d4 Nf6 2. Nf3 e6 3. Bg5 Be7 4. Nbd2 b6 5. e4 Bb7 6. Bd3 d6 7. O-O Nbd7 8.
Qe2 O-O 9. c3 c5 10. Rfd1 Rc8 11. e5 Ne8 12. Bf4 Qc7 13. Ne4 Bxe4 14. Qxe4 g6
15. h4 Ng7 16. Bg5 f6 17. exf6 Nxf6 18. Qe2 Rce8 19. Bb5 Rd8 20. Bh6 Nfh5 21.
g3 Rf7 22. Nh2 Rdf8 23. Ng4 Kh8 24. Be3 Nf5 25. Nh6 Rf6 26. Ng4 R6f7 27. Bd3
Nfxg3 28. fxg3 Nxg3 29. Qg2 Bxh4 30. Bh6 Re8 31. Nh2 Nf5 32. Bxf5 Rxf5 33. Rf1
Rg8 34. Qe4 Qe7 35. Nf3 Bf6 36. Rae1 e5 37. dxe5 Bxe5 38. Bf4 Re8 39. Nxe5 dxe5
40. Bh2 Qg5+ 41. Kh1 Re7 42. Rxf5 gxf5 43. Qa8+ Qg8 44. Bxe5+ Rxe5 45. Qxg8+
Kxg8 46. Rxe5 1-0

[Event "I Open"]
[Site "Bergamo ITA"]
[Date "2002.07.26"]
[Round "2"]
[White "Ceresoli, Luigi"]
[Black "Moreschi, Mauro"]
[Result "1-0"]
[WhiteElo "2204"]
[BlackElo "1696"]
[PlyCount "69"]
[EventDate "2002.07.26"]

1. e4 d6 2. d4 Nf6 3. Nc3 e5 4. Nf3 Nbd7 5. Bc4 h6 6. dxe5 dxe5 7. O-O Bd6 8.
Qe2 O-O 9. Rd1 Qe7 10. Nh4 Nb6 11. Ng6 Qe8 12. Nxf8 Nxc4 13. Qxc4 Kxf8 14. Nb5
Qe7 15. Nxd6 cxd6 16. f3 Be6 17. Qd3 Ne8 18. Be3 b6 19. a4 Qc7 20. Ra3 Qc6 21.
a5 b5 22. Qd2 f5 23. Qb4 f4 24. Rc3 Qb7 25. Bf2 Ke7 26. b3 Rd8 27. Rcd3 Rd7 28.
g3 g5 29. Rd5 Bxd5 30. Rxd5 fxg3 31. Bxg3 a6 32. Rxe5+ Kd8 33. Rd5 Qc6 34. c3
Kc7 35. Rc5 1-0

[Event "I Open"]
[Site "Bergamo ITA"]
[Date "2002.07.26"]
[Round "2"]
[White "De Santis, Alessio"]
[Black "Lorusso, Giuseppe"]
[Result "1-0"]
[WhiteElo "2243"]
[BlackElo "1708"]
[PlyCount "47"]
[EventDate "2002.07.26"]

1. d4 Nf6 2. c4 c5 3. d5 b5 4. cxb5 a6 5. f3 d6 6. e4 g6 7. Nc3 Bg7 8. a4 O-O
9. Ra3 Ne8 10. h4 axb5 11. Bxb5 Nc7 12. Nge2 Bd7 13. Bc4 Nba6 14. h5 Nb4 15.
hxg6 hxg6 16. Bf4 Ra5 17. Qd2 Re8 18. Bh6 Bh8 19. Kf1 Na8 20. Bf8 Kxf8 21.
Rxh8+ Kg7 22. Qh6+ Kf6 23. Qh4+ Kg7 24. Rh7+ 1-0

[Event "I Open"]
[Site "Bergamo ITA"]
[Date "2002.07.26"]
[Round "2"]
[White "Del Monte, Jorge Luis"]
[Black "Laketic, Gojko"]
[Result "0-1"]
[WhiteElo "2046"]
[BlackElo "2448"]
[PlyCount "94"]
[EventDate "2002.07.26"]

1. e4 Nf6 2. Nc3 d6 3. d4 g6 4. Nf3 Bg7 5. Be2 c6 6. a4 O-O 7. O-O Qc7 8. h3
Nbd7 9. Be3 b6 10. Qd2 Bb7 11. Rfe1 e5 12. Rad1 Rfe8 13. dxe5 dxe5 14. Bc4 Rad8
15. Qe2 h6 16. Nh2 Nf8 17. f3 Nh5 18. Qf2 Nf4 19. Bf1 N4e6 20. a5 Nd7 21. axb6
axb6 22. b3 b5 23. Kh1 h5 24. Nb1 Ra8 25. Qd2 Ndc5 26. c4 Nxb3 27. Qc3 Nbd4 28.
cxb5 cxb5 29. Qb2 b4 30. Rc1 Qe7 31. Bc4 Ba6 32. Bd5 Rab8 33. Nd2 Nc5 34. Qa2
b3 35. Qa5 Rb5 36. Qa3 Bb7 37. Bxb7 Nxb7 38. Qxe7 Rxe7 39. Rc8+ Kh7 40. Rb1 Nc5
41. Nhf1 Ra7 42. Nc4 Na4 43. Nd6 Rc5 44. Nd2 Rxc8 45. Nxc8 Rc7 46. Bxd4 exd4
47. Nd6 b2 0-1

[Event "I Open"]
[Site "Bergamo ITA"]
[Date "2002.07.26"]
[Round "2"]
[White "Dragojlovic, Andjelko"]
[Black "Miatello, Alberto"]
[Result "1-0"]
[WhiteElo "2351"]
[BlackElo "1878"]
[PlyCount "55"]
[EventDate "2002.07.26"]

1. e4 c5 2. Nf3 e6 3. b3 Nf6 4. e5 Nd5 5. Bb2 Be7 6. c4 Nb4 7. a3 N4c6 8. Bd3
f5 9. exf6 Bxf6 10. Nc3 O-O 11. Qc2 h6 12. O-O Nd4 13. Nxd4 Bxd4 14. b4 cxb4
15. axb4 Nc6 16. Qb3 Qb6 17. b5 Bxf2+ 18. Kh1 Nd4 19. Qd1 e5 20. Ne4 Bh4 21.
Qh5 Be7 22. Qxe5 Ne6 23. Rxf8+ Bxf8 24. Rf1 d6 25. Nf6+ Kh8 26. Qe4 Ng5 27. Qg6
Be6 28. Nh5 1-0

[Event "I Open"]
[Site "Bergamo ITA"]
[Date "2002.07.26"]
[Round "2"]
[White "Efimov, Igor"]
[Black "Pegoraro, Nicola"]
[Result "1-0"]
[WhiteElo "2463"]
[BlackElo "2086"]
[PlyCount "71"]
[EventDate "2002.07.26"]

1. d4 Nf6 2. c4 c5 3. d5 d6 4. Nc3 g6 5. Nf3 Bg7 6. Bg5 h6 7. Bh4 g5 8. Bg3 Bf5
9. Nd2 Nh5 10. e4 Bg6 11. Be2 Nxg3 12. hxg3 Nd7 13. Qc2 Qb6 14. a3 O-O-O 15.
Bg4 Kb8 16. Bxd7 Rxd7 17. Rb1 Ka8 18. f4 Rb8 19. f5 Bh7 20. g4 Bg8 21. Rh3 e6
22. Na4 Qc7 23. b4 b6 24. Nc3 exf5 25. Nb5 Qd8 26. exf5 Rbb7 27. Kf1 Kb8 28.
Ne4 a6 29. Nbxd6 Rxd6 30. bxc5 bxc5 31. Rhb3 Rdb6 32. Nxc5 Rxb3 33. Rxb3 Rxb3
34. Qxb3+ Kc7 35. Qb7+ Kd6 36. Nd3 1-0

[Event "I Open"]
[Site "Bergamo ITA"]
[Date "2002.07.26"]
[Round "2"]
[White "Elitropi, Giorgio"]
[Black "Chiaretti, Roberto"]
[Result "0-1"]
[WhiteElo "1701"]
[BlackElo "2199"]
[PlyCount "58"]
[EventDate "2002.07.26"]

1. f4 g6 2. Nf3 Bg7 3. e3 c5 4. Be2 Nc6 5. d4 d6 6. d5 Nb8 7. O-O Nf6 8. Nc3
O-O 9. a4 e6 10. Bc4 exd5 11. Nxd5 Nc6 12. c3 Be6 13. Ng5 Bxd5 14. Bxd5 Qc7 15.
Qf3 h6 16. Nh3 Nxd5 17. Qxd5 Ne7 18. Qf3 d5 19. g4 f5 20. Bd2 Qc6 21. Nf2 Rae8
22. Rfe1 Nc8 23. gxf5 gxf5 24. Kh1 Nd6 25. Rad1 Ne4 26. Nxe4 Rxe4 27. Re2 d4
28. Rg2 Rf7 29. exd4 Re1+ 0-1

[Event "I Open"]
[Site "Bergamo ITA"]
[Date "2002.07.26"]
[Round "2"]
[White "Ferretti, Folco"]
[Black "Schiatti, Piero"]
[Result "1-0"]
[WhiteElo "2279"]
[BlackElo "1831"]
[PlyCount "95"]
[EventDate "2002.07.26"]

1. c4 e6 2. Nf3 d5 3. g3 Nf6 4. Bg2 Be7 5. O-O O-O 6. b3 c5 7. e3 Nc6 8. Bb2 b6
9. Qe2 Qc7 10. Rd1 Bb7 11. Nc3 Rad8 12. d4 cxd4 13. Nb5 Qb8 14. Nbxd4 Nxd4 15.
exd4 Rc8 16. Rac1 Rfd8 17. Bh3 Ne4 18. Ne5 Ng5 19. Bg2 dxc4 20. h4 Bxg2 21.
Kxg2 f6 22. Nxc4 Qb7+ 23. f3 Nf7 24. Qxe6 Rc6 25. Qe4 Nd6 26. Nxd6 Rdxd6 27.
Rxc6 Qxc6 28. Ba3 Qxe4 29. fxe4 Rd7 30. Bb2 Rc7 31. Rc1 Rxc1 32. Bxc1 Kf7 33.
Bf4 Ke6 34. Kf3 Kd7 35. Ke3 Kc6 36. Kd3 Kb5 37. d5 Kc5 38. Kc3 Kb5 39. a4+ Ka5
40. d6 Bd8 41. Kc4 h5 42. Kd5 b5 43. Kc6 bxa4 44. bxa4 Kxa4 45. Kb7 a5 46. Kc8
Bb6 47. d7 Kb3 48. Bc7 1-0

[Event "I Open"]
[Site "Bergamo ITA"]
[Date "2002.07.26"]
[Round "2"]
[White "Guglielmi, Dante"]
[Black "Cacco, Christian"]
[Result "0-1"]
[WhiteElo "1747"]
[BlackElo "2248"]
[PlyCount "82"]
[EventDate "2002.07.26"]

1. c4 g6 2. g3 Bg7 3. Bg2 d6 4. Nc3 c6 5. e3 f5 6. Nge2 Nf6 7. O-O O-O 8. d4 e5
9. b4 Be6 10. d5 Bf7 11. Qd2 a5 12. Rb1 axb4 13. Rxb4 Qc7 14. Rd1 Na6 15. Rb1
Rfd8 16. Qb2 Nc5 17. Qb6 Qxb6 18. Rxb6 cxd5 19. cxd5 Nfd7 20. Rb4 e4 21. Nd4
Ne5 22. Bf1 Rd7 23. Rb6 Nf3+ 24. Kg2 Rdd8 25. Be2 Nxd4 26. exd4 Na4 27. Nxa4
Rxa4 28. Bg5 Rc8 29. Rxd6 h6 30. Be3 Rxa2 31. Bb5 Rb2 32. Bf1 b5 33. Rc6 Rd8
34. d6 Bf8 35. Rb6 b4 36. Bf4 g5 37. Be5 e3 38. Re1 Bd5+ 39. Kh3 Rxf2 40. g4 f4
41. Rb5 Rf3+ 0-1

[Event "I Open"]
[Site "Bergamo ITA"]
[Date "2002.07.26"]
[Round "2"]
[White "Inkiov, Ventzislav V."]
[Black "Punteri, Marco"]
[Result "1-0"]
[WhiteElo "2421"]
[BlackElo "1903"]
[PlyCount "39"]
[EventDate "2002.07.26"]

1. d4 Nf6 2. c4 c5 3. d5 b5 4. Nf3 e6 5. Bg5 h6 6. Bxf6 gxf6 7. e4 b4 8. Nbd2
Bg7 9. Qc2 Qc7 10. Bd3 a5 11. a4 Bb7 12. O-O d6 13. Nh4 Nd7 14. dxe6 fxe6 15.
Ng6 Rg8 16. Be2 Nf8 17. Nxf8 Bxf8 18. Bh5+ Kd7 19. f4 f5 20. Bf3 1-0

[Event "I Open"]
[Site "Bergamo ITA"]
[Date "2002.07.26"]
[Round "2"]
[White "Mazzotti, Federico"]
[Black "Bednarich, Jan"]
[Result "1-0"]
[WhiteElo "1725"]
[BlackElo "2221"]
[PlyCount "57"]
[EventDate "2002.07.26"]

1. e4 c5 2. Nf3 e6 3. d4 cxd4 4. Nxd4 a6 5. c4 Qc7 6. Bd3 g6 7. b3 Bg7 8. Bb2
Qb6 9. Nd2 Nf6 10. c5 Qc7 11. O-O O-O 12. b4 Nc6 13. Nxc6 dxc6 14. Nc4 Nd7 15.
Bxg7 Kxg7 16. Rc1 e5 17. Qb3 Rd8 18. Nd6 Nf8 19. Qc3 Qe7 20. f4 a5 21. bxa5 f6
22. fxe5 Qxe5 23. Qxe5 fxe5 24. Rf7+ Kh6 25. Bc4 Kh5 26. Rcf1 Be6 27. Bxe6 Nxe6
28. Rxh7+ Kg5 29. Nf7+ 1-0

[Event "I Open"]
[Site "Bergamo ITA"]
[Date "2002.07.26"]
[Round "2"]
[White "Molteni, Costantino"]
[Black "Barlocco, Carlo"]
[Result "1-0"]
[WhiteElo "1687"]
[BlackElo "2136"]
[PlyCount "97"]
[EventDate "2002.07.26"]

1. Nf3 d5 2. c4 c6 3. d4 Nf6 4. e3 Bf5 5. Nc3 e6 6. Bd3 Bg6 7. O-O Bd6 8. Re1
O-O 9. b3 Nbd7 10. e4 dxe4 11. Nxe4 Nxe4 12. Bxe4 Nf6 13. Bxg6 hxg6 14. Ne5 Qa5
15. Bd2 Qc7 16. h3 c5 17. Bc3 Rfd8 18. Qe2 a5 19. Rad1 a4 20. dxc5 Bxc5 21. b4
Be7 22. a3 b5 23. c5 Rxd1 24. Rxd1 Nd5 25. Bb2 Bf6 26. Ng4 Qc6 27. Nxf6+ gxf6
28. Qf3 f5 29. Be5 Rc8 30. Qg3 Kf8 31. Qh4 Qe8 32. Bd6+ Kg7 33. Be5+ f6 34.
Rxd5 fxe5 35. Rxe5 Rd8 36. Qg3 Rd1+ 37. Kh2 Qd7 38. Qc3 Rd3 39. Rd5+ Rxc3 40.
Rxd7+ Kf6 41. Rb7 Rxa3 42. Rxb5 Rb3 43. c6 Ke7 44. Rb7+ Kd6 45. b5 e5 46. c7
Kd7 47. b6 a3 48. Rb8 Rc3 49. Rd8+ 1-0

[Event "I Open"]
[Site "Bergamo ITA"]
[Date "2002.07.26"]
[Round "2"]
[White "Naumkin, Igor"]
[Black "Rossi, Giampiero"]
[Result "1-0"]
[WhiteElo "2436"]
[BlackElo "2064"]
[PlyCount "93"]
[EventDate "2002.07.26"]

1. d4 d5 2. c4 e6 3. Nc3 Nf6 4. Nf3 Nbd7 5. cxd5 exd5 6. Bg5 Be7 7. e3 c6 8.
Qc2 O-O 9. Bd3 Re8 10. O-O Nf8 11. Rae1 Ne4 12. Bxe7 Qxe7 13. Bxe4 dxe4 14. Nd2
f5 15. d5 c5 16. f3 exf3 17. Nxf3 b6 18. e4 fxe4 19. Rxe4 Bf5 20. Rxe7 Bxc2 21.
Rfe1 Bg6 22. d6 Red8 23. Nb5 a6 24. Nc7 Rac8 25. Rd1 Bh5 26. Kf2 Rd7 27. Rxd7
Nxd7 28. a3 a5 29. Re1 Rf8 30. Re7 Bxf3 31. gxf3 Rf7 32. Ke3 Nf6 33. Rxf7 Kxf7
34. Kf4 Nd7 35. Ke4 Kf6 36. Kd5 g5 37. Kc6 Ne5+ 38. Kxb6 Nxf3 39. a4 Ne5 40.
Kxa5 Nc4+ 41. Kb5 Nxd6+ 42. Kxc5 Nc8 43. b4 g4 44. b5 Ke5 45. a5 h5 46. Nd5 h4
47. Ne3 1-0

[Event "I Open"]
[Site "Bergamo ITA"]
[Date "2002.07.26"]
[Round "2"]
[White "Piantoni, Roberto"]
[Black "Casartelli, Fabio"]
[Result "1-0"]
[WhiteElo "2171"]
[BlackElo "1693"]
[PlyCount "43"]
[EventDate "2002.07.26"]

1. d4 Nf6 2. Nf3 g6 3. c4 Bg7 4. Nc3 d6 5. e4 O-O 6. h3 Bd7 7. Be3 Na6 8. Be2
c5 9. O-O cxd4 10. Nxd4 Nc5 11. Bf3 e5 12. Nb3 Qe7 13. Qc2 Rac8 14. Rfd1 Be6
15. Nxc5 dxc5 16. Qa4 b6 17. Rac1 Rfd8 18. Nd5 Qb7 19. Rd2 a6 20. Qd1 Nxe4 21.
Bxe4 f5 22. Nf6+ 1-0

[Event "I Open"]
[Site "Bergamo ITA"]
[Date "2002.07.26"]
[Round "2"]
[White "Pinarelli, Giuseppe"]
[Black "Contin, Daniel"]
[Result "0-1"]
[WhiteElo "1794"]
[BlackElo "2334"]
[PlyCount "56"]
[EventDate "2002.07.26"]

1. c4 e5 2. g3 Nf6 3. Bg2 d5 4. cxd5 Nxd5 5. Nc3 Nb6 6. Nf3 Nc6 7. O-O Be7 8.
d3 O-O 9. a3 Be6 10. b4 a5 11. b5 Nd4 12. Nxd4 exd4 13. Na4 Bd5 14. Nxb6 cxb6
15. a4 Bxg2 16. Kxg2 Qd5+ 17. Kg1 Rfe8 18. e4 dxe3 19. Bxe3 Bf6 20. Rc1 Re6 21.
Qc2 Rd8 22. Qc7 h5 23. Bxb6 h4 24. Rc5 Qf3 25. h3 hxg3 26. Rc2 g2 27. Rfc1 Rxb6
28. Kh2 Rbd6 0-1

[Event "I Open"]
[Site "Bergamo ITA"]
[Date "2002.07.26"]
[Round "2"]
[White "Rigamonti, Stefano"]
[Black "Vezzosi, Paolo"]
[Result "1-0"]
[WhiteElo "1863"]
[BlackElo "2397"]
[PlyCount "61"]
[EventDate "2002.07.26"]

1. e4 c5 2. Nf3 Nc6 3. d4 cxd4 4. Nxd4 g6 5. Be3 Bg7 6. Be2 Nf6 7. Nc3 O-O 8.
Qd2 d6 9. f3 Bd7 10. g4 Rc8 11. h4 Ne5 12. h5 Qa5 13. hxg6 fxg6 14. Bh6 Rf7 15.
Bxg7 Rxg7 16. g5 Nh5 17. f4 Nc4 18. Bxc4+ Rxc4 19. Nb3 Qc7 20. O-O-O Bg4 21.
Rde1 Rf7 22. Rh4 Qc8 23. Nd5 Be6 24. Nd4 Ng3 25. Nxe6 Qxe6 26. f5 Qe5 27. f6
Nxe4 28. Nxe7+ Rxe7 29. fxe7 d5 30. e8=Q+ Qxe8 31. Qxd5+ 1-0

[Event "I Open"]
[Site "Bergamo ITA"]
[Date "2002.07.26"]
[Round "2"]
[White "Rombaldoni, Denis"]
[Black "Belotti, Bruno"]
[Result "0-1"]
[WhiteElo "1903"]
[BlackElo "2430"]
[PlyCount "74"]
[EventDate "2002.07.26"]

1. d4 Nf6 2. Nf3 g6 3. Bg5 Bg7 4. e3 O-O 5. Be2 d6 6. O-O h6 7. Bh4 g5 8. Bg3
Ne4 9. Nbd2 Nxg3 10. hxg3 e6 11. c3 b6 12. Bd3 Bb7 13. Be4 c6 14. Rc1 Nd7 15.
Nh2 f5 16. Bb1 g4 17. Qc2 Qg5 18. e4 Nf6 19. exf5 exf5 20. Rcd1 Bc8 21. Rfe1 d5
22. Nhf1 Ne4 23. Nxe4 fxe4 24. c4 Be6 25. Qa4 b5 26. cxb5 cxb5 27. Qxb5 Rab8
28. Qe2 Rb4 29. Ne3 Rxd4 30. Rxd4 Bxd4 31. Rd1 Bb6 32. Rf1 h5 33. Nd1 h4 34.
gxh4 Qxh4 35. g3 Qxg3+ 36. Kh1 Qh3+ 37. Kg1 g3 0-1

[Event "I Open"]
[Site "Bergamo ITA"]
[Date "2002.07.26"]
[Round "2"]
[White "Trangoni, Bruno"]
[Black "Gosio, Denis"]
[Result "0-1"]
[WhiteElo "1695"]
[BlackElo "2154"]
[PlyCount "102"]
[EventDate "2002.07.26"]

1. f4 d5 2. Nf3 Nf6 3. e3 g6 4. c4 c6 5. d4 Bg7 6. Bd3 O-O 7. Nc3 Bf5 8. O-O
Bxd3 9. Qxd3 e6 10. Bd2 Nbd7 11. Ne5 dxc4 12. Nxc4 c5 13. Rac1 cxd4 14. exd4
Nb6 15. Ne5 Rc8 16. Ne2 Qd5 17. Nc3 Qd8 18. Ne2 Rxc1 19. Rxc1 Nfd7 20. Bb4 Re8
21. Bd6 f6 22. Nc4 Nd5 23. Qb3 N7b6 24. Ba3 Nxc4 25. Qxc4 Qd7 26. Kf2 b5 27.
Qc6 Qxc6 28. Rxc6 b4 29. Ra6 bxa3 30. Rxa3 Re7 31. g3 f5 32. Ra6 Kf7 33. a3 Rb7
34. b4 Nc3 35. Nxc3 Bxd4+ 36. Ke2 Bxc3 37. Kd3 Be1 38. Ke2 Bc3 39. Kd3 Bf6 40.
Ke2 e5 41. fxe5 Bxe5 42. Ke3 Rd7 43. b5 Bd4+ 44. Kf3 Bb6 45. a4 Rd2 46. g4
fxg4+ 47. Kxg4 Ra2 48. h4 Kf6 49. h5 g5 50. Kg3 Kf5 51. Kh3 Bc7 0-1

[Event "I Open"]
[Site "Bergamo ITA"]
[Date "2002.07.26"]
[Round "2"]
[White "Trotto, Pierangelo"]
[Black "Mione, Dario"]
[Result "0-1"]
[WhiteElo "1755"]
[BlackElo "2271"]
[PlyCount "56"]
[EventDate "2002.07.26"]

1. e4 e6 2. d4 d5 3. Nd2 c5 4. exd5 Qxd5 5. Ngf3 cxd4 6. Nb3 Bb4+ 7. Bd2 Bc5 8.
Nxc5 Qxc5 9. Bf4 Nc6 10. a3 a5 11. Bd3 Nge7 12. O-O e5 13. Bg3 O-O 14. Re1 f6
15. Qe2 Bg4 16. Rac1 Rac8 17. h3 Bh5 18. Kh2 Ng6 19. Bxg6 hxg6 20. Qd3 Bxf3 21.
gxf3 f5 22. c3 Qd5 23. cxd4 Nxd4 24. Kg2 Rxc1 25. Rxc1 f4 26. Bh4 Rf5 27. Qc4
Qxc4 28. Rxc4 g5 0-1

[Event "I Open"]
[Site "Bergamo ITA"]
[Date "2002.07.27"]
[Round "3"]
[White "Agnelli, Francesco"]
[Black "Dragojlovic, Andjelko"]
[Result "0-1"]
[WhiteElo "2146"]
[BlackElo "2351"]
[PlyCount "44"]
[EventDate "2002.07.26"]

1. e4 c5 2. Nf3 g6 3. d4 cxd4 4. Nxd4 Bg7 5. Nc3 Nc6 6. Be3 Nf6 7. Be2 O-O 8.
Qd2 d5 9. exd5 Nxd5 10. Nxc6 bxc6 11. Bh6 Bxh6 12. Qxh6 Nxc3 13. bxc3 Qa5 14.
Qe3 Ba6 15. Bxa6 Qxa6 16. Qd3 Qa4 17. O-O Rfd8 18. Qe2 e6 19. Rfd1 Rd5 20. Rd3
Rb8 21. Rh3 Rb2 22. Rf1 Qxc2 0-1